ბათუმის შოთა რუსთაველის სახელმწიფო უნივერსიტეტის ბიბლიოთეკა

საქართველოს ზოგიერთი მთიანი რეგიონის მოსახლეობის რადიაციული დატვირთვა, შორეული შედეგების პროგნოზირება და მათი პრევენცია : დისერტაცია / (ბიბ.ჩანაწერი № 55449)

000 -ლიდერი
ფიქსირებული სიგრძის საკონტროლო ველი 01763nam a2200253Ia 4500
001 - საკონტროლო ნომერი
საკონტროლო ველი 22531
003 - საკონტროლო ნომრის იდენტიფიკატორი
საკონტროლო ველი GE_BSU
005 - ბოლო ოპერაციის თარიღი და დრო
საკონტროლო ველი 20220920100821.0
008 - ფიქსირებული სიგრძის მონაცემთა ელემენტები - ზოგადი ინფორმაცია
ფიქსირებული სიგრძის საკონტროლო ველი 181216s2013||||ge |||||||||||||| ||geo||
040 ## - კატალოგიზაციის წყარო
Transcribing agency GE_BSU
041 ## - ენის კოდი
Language code of text/sound track or separate title geo
080 ## - უნივერსალური ათობითი კლასიფიკაციის ინდექსი
Universal Decimal Classification number 61 კ-87
100 ## - მთავარი ჩანაწერი - პიროვნების სახელი
Personal name კუგოტი, ივანე
9 (RLIN) 11546
245 ## - ცნობა სათაურის შესახებ
Title საქართველოს ზოგიერთი მთიანი რეგიონის მოსახლეობის რადიაციული დატვირთვა, შორეული შედეგების პროგნოზირება და მათი პრევენცია : დისერტაცია /
Statement of responsibility, etc ივანე კუგოტი; სამეცნიერო ხელმძღვანელი ნ. ვეფხვაძე; თბილისის სახ-ფო სამედიცინო უნ-ტი.
264 ## - წარმოების, გამოცემის, დისტრიბუციის და სხვა ცნობები
გამოცემის, წარმოების, დისტრიბუციის... ადგილი თბილისი,
გამოცემის, წარმოების, დისტრიბუციის... თარიღი 2013.
300 ## - ფიზიკური აღწერა
Extent 182 გვ. ;
Other physical details 25 სმ.
300 ## - ფიზიკური აღწერა
Accompanying material ბიბლიოგრ. გვ. 159-168
653 ## - INDEX TERM--UNCONTROLLED
Uncontrolled term საქართველოს ზოგიერთი მთიანი რეგიონის მოსახლეობის რადიაციული დატვირთვა, შორეული შედეგების პროგნოზირება და მათი პრევენცია
653 ## - INDEX TERM--UNCONTROLLED
Uncontrolled term ჯანდაცვა
653 ## - INDEX TERM--UNCONTROLLED
Uncontrolled term დისერტაცია
700 ## - ADDED ENTRY--PERSONAL NAME
Personal name ვეფხვაძე, ნ.
Relator term სამეცნიერო ხელმძღვანელი
9 (RLIN) 7944
710 ## - ADDED ENTRY--CORPORATE NAME
Corporate name or jurisdiction name as entry element თბილისის სახელმწიფო სამედიცინო უნ-ტი
9 (RLIN) 11284
942 ## - ADDED ENTRY ELEMENTS (KOHA)
Koha item type წიგნი
Source of classification or shelving scheme
ეგზემპლარები
ჩამოწერის სტატუსი დაკარგული ეგზემპლარის სტატუსი კლასიფიკაციის წყარო ან თაროზე გაწყობის სქემა დაზიანების სტატუსი არ გაიცემა მუდმივი მდებარეობა (დაცვის ადგილი) ამჟამინდელი ადგილსამყოფელი შეძენის თარიღი სრული შენახვის შიფრი შტრიხკოდი ბოლო ოპერაციის თარიღი ეგზემპლარის მიმდევრობითი ნომერი (კეტერი?) ფასის ძალაში შესვლის თარიღი ეგზემპლარის სახეობა
        შიდა ფონდი ბათუმის შოთა რუსთაველის სახელმწიფო უნივერსიტეტის მთავარი ბიბლიოთეკა ბათუმის შოთა რუსთაველის სახელმწიფო უნივერსიტეტის მთავარი ბიბლიოთეკა 2018-12-17 61 კ-87 155 დისერტ. 2018-12-17 155 2018-12-17 დისერტაცია